Normal view
MARC view
- Rawles, Zoe
Entry Personal Name
001 - CONTROL NUMBER
- control field: 37637
003 - CONTROL NUMBER IDENTIFIER
- control field: OSt
005 - DATE AND TIME OF LATEST TRANSACTION
- control field: 20150819151955.0
008 - FIXED-LENGTH DATA ELEMENTS
- fixed length control field: 150419|| aca||aabn | a|a d
040 ## - CATALOGING SOURCE
- Original cataloging agency: OSt
100 1# - HEADING--PERSONAL NAME
- Personal name: Rawles, Zoe